The Hamlyn guide to minerals, rocks and fossils / (Record no. 1788)

MARC details
000 -LEADER
fixed length control field 01539nac a22003851i 4500
003 - CONTROL NUMBER IDENTIFIER
control field EG-ScBUE
005 - DATE AND TIME OF LATEST TRANSACTION
control field 20260427085720.0
008 - FIXED-LENGTH DATA ELEMENTS--GENERAL INFORMATION
fixed length control field 260427t1978 enka f b 001 0 eng d
020 ## - INTERNATIONAL STANDARD BOOK NUMBER
International Standard Book Number 1554070546
035 ## - SYSTEM CONTROL NUMBER
System control number (OCoLC)ocm56490509
040 ## - CATALOGING SOURCE
Original cataloging agency EG-ScBUE
Language of cataloging eng
Description conventions rda
Transcribing agency EG-ScBUE
Modifying agency EG-ScBUE
082 04 - DEWEY DECIMAL CLASSIFICATION NUMBER
Classification number 552
Item number HAM
Edition number 22
100 1# - MAIN ENTRY--PERSONAL NAME
Personal name Hamilton, William Roger,
Relator term author.
245 14 - TITLE STATEMENT
Title The Hamlyn guide to minerals, rocks and fossils /
Statement of responsibility, etc W.R. Hamilton, A.R. Woolley, A.C. Bishop.
246 3# - VARYING FORM OF TITLE
Title proper/short title Guide to minerals, rocks and fossils
264 #1 - PUBLICATION, DISTRIBUTION, ETC. (IMPRINT)
Place of publication, distribution, etc London :
Name of publisher, distributor, etc The Hamlyn Publishing Group,
Date of publication, distribution, etc [1978]
264 #4 - PUBLICATION, DISTRIBUTION, ETC. (IMPRINT)
Date of publication, distribution, etc c1978
300 ## - PHYSICAL DESCRIPTION
Extent 336 pages :
Other physical details color illustrations ;
Dimensions 20 cm
336 ## - CONTENT TYPE
Source rdacontent
Content type term text
Content type code txt
337 ## - MEDIA TYPE
Media type term unmediated
Source rdamedia
Media type code n
338 ## - CARRIER TYPE
Carrier type term volume
Carrier type code nc
Source rdacarrier
504 ## - BIBLIOGRAPHY, ETC. NOTE
Bibliography, etc Includes bibliographical references and index.
650 #7 - SUBJECT ADDED ENTRY--TOPICAL TERM
Topical term or geographic name as entry element Mineralogy
Form subdivision Pictorial works.
Source of heading or term BUEsh
650 #7 - SUBJECT ADDED ENTRY--TOPICAL TERM
Topical term or geographic name as entry element Rocks
Form subdivision Pictorial works.
Source of heading or term BUEsh
650 #7 - SUBJECT ADDED ENTRY--TOPICAL TERM
Topical term or geographic name as entry element Fossils
Form subdivision Pictorial works.
Source of heading or term BUEsh
650 #7 - SUBJECT ADDED ENTRY--TOPICAL TERM
Topical term or geographic name as entry element MineÌ?ralogie
Form subdivision Ouvrages illustreÌ?s.
Source of heading or term BUEsh
650 #7 - SUBJECT ADDED ENTRY--TOPICAL TERM
Topical term or geographic name as entry element Roches
Form subdivision Ouvrages illustreÌ?s.
Source of heading or term BUEsh
650 #7 - SUBJECT ADDED ENTRY--TOPICAL TERM
Topical term or geographic name as entry element Fossiles
Form subdivision Ouvrages illustreÌ?s.
Source of heading or term BUEsh
700 1# - ADDED ENTRY--PERSONAL NAME
Personal name Woolley, Alan Robert,
Relator term author.
700 1# - ADDED ENTRY--PERSONAL NAME
Personal name Bishop, A. C.,
Relator term author.
856 42 - ELECTRONIC LOCATION AND ACCESS
Materials specified Publisher description
Uniform Resource Identifier <a href="http://www.loc.gov/catdir/enhancements/fy0626/2005280972-d.html">http://www.loc.gov/catdir/enhancements/fy0626/2005280972-d.html</a>
856 42 - ELECTRONIC LOCATION AND ACCESS
Materials specified Table of contents only
Uniform Resource Identifier <a href="http://www.loc.gov/catdir/enhancements/fy0626/2005280972-t.html">http://www.loc.gov/catdir/enhancements/fy0626/2005280972-t.html</a>
942 ## - ADDED ENTRY ELEMENTS (KOHA)
Koha item type Book - Borrowing
Source of classification or shelving scheme Dewey Decimal Classification
Holdings
Withdrawn status Lost status Source of classification or shelving scheme Damaged status Not for loan Collection code Home library Current library Shelving location Date acquired Source of acquisition Total Checkouts Total Renewals Full call number Barcode Date last seen Date checked out Price effective from Koha item type
    Dewey Decimal Classification     Alahram Central Library Central Library First floor 06/12/2014 Purchase 3 5 552 HAM 000002529 15/07/2025 01/04/2012 14/12/2006 Book - Borrowing